Markov state models
El siguiente video hace referencia al taller que se realiz ̤el 12 de junio de 2012 en University of Chicago Center for Multiscale Theory and Simulation held the Workshop on Multiscale Theory and Simulation.
Gorde:
| Beste egile batzuk: | , |
|---|---|
| Formatua: | Liburua |
| Hizkuntza: | ingelesa |
| Gaiak: | |
| Sarrera elektronikoa: | Markov state models |
| Etiketak: |
Etiketa erantsi
Etiketarik gabe, Izan zaitez lehena erregistro honi etiketa jartzen!
|
MARC
| LEADER | 00000nam a22000004a 4500 | ||
|---|---|---|---|
| 001 | vpro7963 | ||
| 005 | 20201223000000.0 | ||
| 008 | 140617s2014 ck # g## #001 0#eng#d | ||
| 020 | |||
| 022 | |||
| 040 | |a CO-BoINGC | ||
| 041 | 0 | |a eng | |
| 245 | 1 | 0 | |a Markov state models |
| 246 | |a Modelos de estado de Markov | ||
| 264 | |a Bogot ̀(Colombia) : |b Revista VirtualPRO, |c 2014 | ||
| 520 | 3 | |a El siguiente video hace referencia al taller que se realiz ̤el 12 de junio de 2012 en University of Chicago Center for Multiscale Theory and Simulation held the Workshop on Multiscale Theory and Simulation. | |
| 650 | \ | \ | |a Investigacin̤ operacional |
| 650 | \ | \ | |a Aplicaciones (Matemt̀icas) |
| 650 | \ | \ | |a Operations research |
| 650 | \ | \ | |a Mappings (Mathematics) |
| 650 | \ | \ | |a ciencias de la administracin̤ |
| 650 | \ | \ | |a investigacin̤ de operaciones |
| 650 | \ | \ | |a anl̀isis de Markov |
| 650 | \ | \ | |a cadenas de Markov |
| 650 | \ | \ | |a management sciences |
| 650 | \ | \ | |a operations research |
| 650 | \ | \ | |a Markov analysis |
| 650 | \ | \ | |a Markov chains |
| 700 | \ | \ | |a Hinrichs Nina |
| 700 | \ | \ | |a Universidad de Chicago. |
| 856 | |z Markov state models |u https://virtualpro.unach.elogim.com/biblioteca/modelos-de-estado-de-markov | ||